Situación de los Derechos Humanos en Chile: informe anual 2013
Uloženo v:
| Korporativní autor: | |
|---|---|
| Médium: | Kniha |
| Jazyk: | španělština |
| Vydáno: |
Santiago
Instituto Nacional de Derechos Humanos
2013
|
| Vydání: | 1a. ed |
| Témata: | |
| Tagy: |
Přidat tag
Žádné tagy, Buďte první, kdo vytvoří štítek k tomuto záznamu!
|
MARC
| LEADER | 00000cam a2200000 a 4500 | ||
|---|---|---|---|
| 001 | UCE4173 | ||
| 003 | CL-VaPUC | ||
| 008 | 141016e20130000cl |||||||||||||||||spa|d | ||
| 020 | |a 9789569025495 | ||
| 082 | 0 | 4 | |a 323.4083 |b INS |2 21 |
| 110 | 2 | |a Instituto Nacional de Derechos Humanos |e author |9 576775 | |
| 245 | 1 | 0 | |a Situación de los Derechos Humanos en Chile: informe anual 2013 |
| 250 | |a 1a. ed | ||
| 300 | |a 292 p | ||
| 942 | |c BK | ||
| 945 | |d 20141016 12:02:00 |a dcastane | ||
| 260 | |a Santiago |b Instituto Nacional de Derechos Humanos |c 2013 | ||
| 500 | |a Incluye separata informativa | ||
| 650 | 0 | |a Derechos humanos |9 223025 | |
| 650 | 0 | |a Derechos fundamentales |9 254841 | |
| 583 | |a last modification |c 20141016 12:02:00 |k Rodrigo Vera | ||
| 999 | |c 357229 |d 357227 | ||
| 952 | |0 0 |1 0 |3 erb |4 0 |6 323_408300000000000_INS_2013 |7 0 |8 A |9 465092 |a BIBGIM |b BIBGIM |i 5118557 |o 323.4083 INS 2013 |p 5118557 |r 2025-01-15 |w 2019-11-23 |y BK |z Catalogado en:20141016 |k SSL | ||